Understanding Intermediate Algebra <A> Text/Workbook
Guardado en:
| Autor principal: | |
|---|---|
| Otros Autores: | |
| Formato: | Libro |
| Lenguaje: | inglés |
| Publicado: |
St.Paul
West Pub. Co.
1987
|
| Edición: | 1. ed. |
| Materias: | |
| Etiquetas: |
Sin Etiquetas, Sea el primero en etiquetar este registro!
|
MARC
| LEADER | 00000nam a2200000 4500 | ||
|---|---|---|---|
| 001 | c002584 | ||
| 005 | 20221219121243.9 | ||
| 020 | |a 0-314-28495-8 | ||
| 041 | 0 | |a eng | |
| 044 | |a US | ||
| 245 | 1 | 0 | |a Understanding Intermediate Algebra |b <A> Text/Workbook |c Arthur Goodman, Lewis Hirsch |
| 250 | |a 1. ed. | ||
| 264 | 1 | |a St.Paul |b West Pub. Co. |c 1987 | |
| 300 | |a 702 s., 119 s. | ||
| 610 | 2 | 0 | |a matematika |
| 100 | 1 | |a Goodman, Arthur | |
| 700 | 1 | |a Hirsch, Lewis | |